00329nam a2200121Ia 4500008004100000041000800041082001700049100001600066245004500082260003700127300003200164365001100196240624s9999 xx 000 0 und d aeng a658.4012 BAK aBAKER DAVID aSTRATEGIC MANAGEMENT OF TECHNOLOGY A GUI c2004aOxfordbChandos Publishing axxiv, : 305 : p. : cm. ; 24 cRSb25